Influencia de los padres en el bajo rendimiento escolar de los niños de 6to. y 7mo. Grados del Colegio Adventista Espaillat en Santo Domingo, RD. Enero-Junio 2013 (Record no. 683)

MARC details
000 -LEADER
campo de control de longitud fija 02702nam a2200541Ia 4500
001 - NÚMERO DE CONTROL
campo de control 757
008 - DATOS DE LONGITUD FIJA--INFORMACIÓN GENERAL
campo de control de longitud fija 241029s9999 xx 000 0 und d
010 ## - NÚMERO DE CONTROL DE LA BIBLIOTECA DEL CONGRESO
Número de control de LC 683
041 ## - CÓDIGO DE IDIOMA
Código de lengua del texto/banda sonora o título independiente Español
082 ## - NÚMERO DE LA CLASIFICACIÓN DECIMAL DEWEY
Número de clasificación NO APLICA
245 #0 - MENCIÓN DEL TÍTULO
Título Influencia de los padres en el bajo rendimiento escolar de los niños de 6to. y 7mo. Grados del Colegio Adventista Espaillat en Santo Domingo, RD. Enero-Junio 2013
260 ## - PUBLICACIÓN, DISTRIBUCIÓN, ETC.
Lugar de publicación, distribución, etc. Santo Domingo
300 ## - DESCRIPCIÓN FÍSICA
Extensión 100
520 ## - RESUMEN, ETC.
Sumario, etc. 6
520 ## - RESUMEN, ETC.
Sumario, etc. La presente investigación tiene como objetivo general determinar la influencia de los padres en el bajo rendimiento escolar de los niños de 6to y 7mo grado del Colegio Adventista Espaillat en Santo Domingo RD, enero-agosto 2013.Las preguntas de investigación que guían el estudio son:¿Cuán importante es la unidad familiar en el proceso de aprendizaje de los niños?¿Existe la adecuada comunicación entre padres e hijos?¿Qué importancia tiene la familia en el sano desenvolvimiento de los niños en el colegio? ¿Cómo afecta en el desarrollo cognoscitivo la disparidad familiar?La población muestral está compuesta por 18 padres y 35 madres de los niños de 6to y 7mo grado del Colegio Adventista Espaillat en Santo domingo RD.El instrumento utilizado fue un cuestionario de apoyo familiar utilizado por Domínguez (2009), esto se llevó a cabo con el propósito de obtener informaciones sobre el interés y el apoyo que generan los padres y/o tutores en el desempeño escolar de sus hijos.El estudio reveló que los padres están muy concentrados en el buen desenvolvimiento escolar de sus hijos, sin embargo, se denotó un bajo perfil en lo que respecta a la comunicación, en donde aparecieron suficientes informaciones como para puntualizar poca integración familiar.
630 ## - PUNTO DE ACCESO ADICIONAL DE MATERIA--TÍTULO UNIFORME
Título uniforme Bajo Rendimiento
630 ## - PUNTO DE ACCESO ADICIONAL DE MATERIA--TÍTULO UNIFORME
Título uniforme Incidencia
630 ## - PUNTO DE ACCESO ADICIONAL DE MATERIA--TÍTULO UNIFORME
Título uniforme Motivación
650 ## - PUNTO DE ACCESO ADICIONAL DE MATERIA--TÉRMINO DE MATERIA
Término de materia o nombre geográfico como elemento de entrada Rendimiento
690 ## - PUNTO DE ACCESO ADICIONAL DE MATERIA LOCAL--TÉRMINO DE MATERIA (OCLC, RLIN)
Término de materia o nombre geográfico como elemento inicial Copiado sin cambios
700 ## - ENTRADA AGREGADA--NOMBRE PERSONAL
Término indicativo de función/relación asesor
Nombre de persona Guzmán , Fiordaliza
700 ## - ENTRADA AGREGADA--NOMBRE PERSONAL
Término indicativo de función/relación autor
Nombre de persona Lanfranco, José Ramón
901 ## - ELEMENTOS DE DATOS A LOCAL LDA (RLIN)
a {"1":"Lanfranco"}
b {"1":"José Ramón"}
902 ## - ELEMENTOS DE DATOS B LOCAL, LDB (RLIN)
a 1
903 ## - ELEMENTOS DE DATOS C LOCAL, LDC (RLIN)
a {"1":" Guzmán "}
b {"1":"Fiordaliza"}
904 ## - ELEMENTOS DE DATOS D LOCAL, LDD (RLIN)
a Magíster en
905 ## - ELEMENTOS DE DATOS E LOCAL, LDE (RLIN)
a Docencia Universitaria
906 ## - ELEMENTOS DE DATOS F LOCAL, LDF (RLIN)
a 2
907 ## - ELEMENTOS DE DATOS G LOCAL, LDG (RLIN)
a NO APLICA
908 ## - COLOCAR PARÁMETRO DE COMANDO (RLIN)
Colocar parámetro de comando NO APLICA
909 ## -
-- Universidad Adventista Dominicana (UNAD)
910 ## - DATOS DE OPCIÓN DEL USUARIO (OCLC)
Datos de opción del usuario NULL
-- NULL
911 ## - EQUIVALENCIA O REFERENCIA-CRUZADA-NOMBRE DE CONFERENCIA O REUNIÓN/CONGRESO [LOCAL, CANADÁ]
Nombre de congreso/reunión o jurisdicción como elemento de entrada ["1"]
912 ## -
-- NO APLICA
913 ## -
-- NULL
914 ## -
-- 01 de Septiembre de 2013
915 ## -
-- 20/07/15 04:07
916 ## -
-- NULL
917 ## -
-- NULL
918 ## -
-- NO APLICA
919 ## -
-- ["27","209","143"]
921 ## -
-- 28
922 ## -
-- 28
923 ## -
-- 0
924 ## -
-- NO APLICA
942 ## - ELEMENTOS DE ENTRADA SECUNDARIOS (KOHA)
Tipo de ítem Koha

No items available.

© 2024. Todos los Derechos Reservados. Desarrollado por IDEICE